000 00608nam a22001697a 4500
003 OSt
005 20260324110951.0
008 260324b |||||||| |||| 00| 0 eng d
040 _cMRSPTU
041 _aEnglish
100 _aNarinder Kumar, Supervisor: Dr. Rahul Deshmukh
245 _aTo Investigate the Synergistic Potential of Limonene and Vinpocetine in Pentylenetetrazole-Induced Kindling in Rats
260 _bDepartment of Pharmacy, MRSPTU, Bathinda
_c2022
650 _aPharmaceutical Sciences and Technology
856 _uhttp://163.47.215.52:8080/jspui/handle/123456789/50
942 _2ddc
_cTH
_n0
999 _c11234
_d11234